000 01935nam a22003377a 4500
001 B-265065-070
005 20080728125819.0
008 740806s1974 nyua j 000 1 eng
010 _aB-265065-070
020 _a044808953X
035 _aB-265065-070
040 _adpl
082 _aS
100 _aDixon, Franklin W.
245 _aThe clue of the hissing serpent,
_cby Franklin W. Dixon.
260 _aNew York,
_bGrosset & Dunlap
_c2005
300 _a181 p.
_billus.
_c20 cm.
350 _a135.00
490 _aThe Hardy boys mystery stories, 53
520 _aTheir efforts to recover a stolen ancient chess piece lead the Hardy brothers to Hong Kong where they help smash an international criminal organization.
650 _aMystery and detective stories.
942 _2ddc
_cCH
_hS
_mDIX
999 _c14592
_d14592